Statistics for Guess the Taylor Swift song with no hints ~6

Click here to take the quiz!

General Stats

  • This quiz has been taken 319 times
  • The average score is 250 of 338

Answer Stats

Answer% Correct
I
100%
You
100%
you
100%
a
99%
the
98%
an
97%
me
95%
your
95%
And
93%
in
93%
it
93%
It
93%
You're
93%
We
92%
to
91%
be
90%
love
89%
my
89%
is
88%
When
88%
Like
86%
like
86%
I'm
85%
was
84%
they
83%
for
82%
know
82%
of
82%
one
82%
this
82%
all
80%
hear
80%
that
80%
if
79%
could
77%
I'll
77%
But
75%
I'd
75%
said
75%
up
73%
by
72%
cowboy
72%
had
72%
I've
72%
never
72%
Never
72%
Now
70%
some
70%
from
69%
got
69%
our
69%
With
69%
Oh
68%
thing
68%
did
67%
Just
67%
have
65%
gonna
62%
Takes
62%
way
62%
Only
60%
again
59%
down
58%
here
58%
thought
58%
wanna
58%
dance
57%
sleeve
57%
their
57%
those
57%
tricks
56%
asked
55%
dancing
55%
dark
55%
Eyes
55%
good
55%
pay
55%
things
55%
car
53%
game
53%
wanted
53%
dangerous
52%
lips
51%
man
51%
Telling
51%
anything
50%
bandit
50%
covered
50%
Forever
50%
rich
50%
court
49%
folks
49%
meet
49%
tennis
49%
tent
49%
Babylon
48%
fuck
48%
hang
48%
hard
48%
life
48%
old
48%
waiting
48%
about
47%
bar
47%
before
47%
believe
47%
fancy
47%
full
47%
Gardens
47%
Really
47%
sitting
47%
skeletons
47%
stars
46%
airport
45%
bed
45%
closets
45%
con
45%
Perched
45%
both
44%
phone
44%
town
44%
boots
43%
locked
43%
sweetest
43%
through
42%
forward
41%
beneath
40%
Plotted
40%
swindled
40%
Hustling
38%
passed
38%
stories
38%
ladies
37%
lunching
33%

Score Distribution

Percentile by Number Answered

Percent of People with Each Score

Your Score History

You have not taken this quiz